LEADER 01529nam 2200349Ia 450 001 996384817803316 005 20221108033100.0 035 $a(CKB)4940000000075379 035 $a(EEBO)2240930741 035 $a(OCoLC)12167218 035 $a(EXLCZ)994940000000075379 100 $a19850617d1660 uy | 101 0 $aeng 135 $aurbn||||a|bb| 200 02$aA Relation in the form of journal of the voiage and residence which the most mighty Prince Charls the II King of Great Britain, &c. hath made in Holland, from the 25 of May, to the 2 of June, 1660$b[electronic resource] /$frendered into English out of the original French by Sir William Lower .. 210 $aHague $cPrinted by Adrian Vlack ...$d1660 215 $a[4], 116, 36 p., 6 folded plates $cill 300 $aReproduction of original in Huntington Library. 300 $a"Anglia Triumphans, sive, In inaugurationem... Caroli II ... auctore Roberto Kevchenio" has special t.p. and separate pagination. 330 $aeebo-0113 701 $aLower$b William$cSir,$f1600?-1662.$01002904 701 $aKeuchenius$b Robertus$f1636-1673.$01002905 801 0$bEAA 801 1$bEAA 801 2$bOCL 801 2$bEAA 801 2$bm/c 801 2$bWaOLN 906 $aBOOK 912 $a996384817803316 996 $aA Relation in the form of journal of the voiage and residence which the most mighty Prince Charls the II King of Great Britain, &c. hath made in Holland, from the 25 of May, to the 2 of June, 1660$92302185 997 $aUNISA